Combien de ville de Saône et Loire (71) connais-tu ? - Statistiques

Statistiques générales
  • Ce quiz a été pris 31 fois
  • Le résultat moyen est 33 sur 596
Statistiques - réponses
Code postal Ville % Correct
71100 Chalon-sur-Saône
76%
71000 Mâcon
72%
71140 Mont
62%
71160 Digoin
55%
71400 Autun
52%
71300 Montceau-les-Mines
52%
71206 Le Creusot
48%
71500 Louhans
48%
71120 Charolles
45%
71600 Paray-le-Monial
41%
71390 Buxy
38%
71380 Saint-Marcel
38%
71100 Saint-Rémy
38%
71250 Cluny
34%
71640 Givry
34%
71700 Tournus
34%
71100 Lux
31%
71150 Chagny
28%
71530 Crissey
28%
71130 Gueugnon
28%
71800 La Clayette
28%
71620 Saint-Martin-en-Bresse
28%
71240 Sennecey-le-Grand
28%
71850 Charnay-lès-Mâcon
24%
71880 Châtenoy-le-Royal
24%
71480 Cuiseaux
24%
71590 Gergy
24%
71570 La Chapelle-de-Guinchay
24%
71640 Mercurey
24%
71210 Montchanin
24%
71240 Varennes-le-Grand
24%
71140 Bourbon-Lancy
21%
71380 Épervans
21%
71360 Épinac
21%
71710 Marmagne
21%
71370 Ouroux-sur-Saône
21%
71260 Azé
17%
71450 Blanzy
17%
71530 Champforgeuil
17%
71380 Châtenoy-en-Bresse
17%
71170 Chauffailles
17%
71490 Couches
17%
71013 Crêches-sur-Saône
17%
71190 Étang-sur-Arroux
17%
71150 Farges-lès-Chalon
17%
71500 Ratte
17%
71370 Saint-Étienne-en-Bresse
17%
71230 Saint-Vallier
17%
71000 Sancé
17%
71210 Torcy
17%
71700 Boyer
14%
71150 Demigny
14%
71700 Farges-lès-Mâcon
14%
71150 Fontaines
14%
71240 Jugy
14%
71700 Lacrost
14%
71440 Lessard-en-Bresse
14%
71340 Melay
14%
71380 Oslon
14%
71270 Pierre-de-Bresse
14%
71800 Saint-Christophe-en-Brionnais
14%
71370 Saint-Germain-du-Plain
14%
71510 Saint-Léger-sur-Dheune
14%
71240 Saint-Loup-de-Varennes
14%
71600 Saint-Yan
14%
71700 Uchizy
14%
71350 Verdun-sur-le-Doubs
14%
71680 Vinzelles
14%
71260 Viré
14%
71350 Allerey-sur-Saône
10%
71110 Anzy-le-Duc
10%
71190 Broye
10%
71250 Château
10%
71350 Ciel
10%
71290 Cuisery
10%
71640 Dracy-le-Fort
10%
71960 Fuissé
10%
71960 Igé
10%
71340 Iguerande
10%
71370 L'Abergement-Sainte-Colombe
10%
71800 La Chapelle-sous-Dun
10%
71240 Laives
10%
71260 La Salle
10%
71290 La Truchère
10%
71670 Le Breuil
10%
71530 Lessard-le-National
10%
71240 Mancey
10%
71520 Matour
10%
71640 Mellecey
10%
71430 Palinges
10%
71290 Préty
10%
71960 Prissé
10%
71150 Rully
10%
71390 Sainte-Hélène
10%
71460 Saint-Gengoux-le-National
10%
71330 Saint-Germain-du-Bois
10%
71530 Sassenay
10%
71500 Sornay
10%
71360 Sully
10%
71800 Varennes-sous-Dun
10%
71960 Vergisson
10%
71240 Vers
10%
71960 Verzé
10%
71120 Viry
10%
71800 Amanzé
7%
71110 Artaix
7%
71220 Beaubery
7%
71260 Bissy-la-Mâconnaise
7%
71500 Branges
7%
71110 Chambilly
7%
71480 Champagnat
7%
71700 Chardonnay
7%
71510 Charrecey
7%
71740 Châteauneuf
7%
71260 Clessé
7%
71260 Cruzille
7%
71400 Curgy
7%
71490 Dracy-lès-Couches
7%
71800 Dyo
7%
71510 Essertenne
7%
71260 Fleurville
7%
71870 Hurigny
7%
71440 Juif
7%
71290 L'Abergement-de-Cuisery
7%
71130 La Chapelle-au-Mans
7%
71310 La Chapelle-Saint-Sauveur
7%
71990 La Grande-Verrière
7%
71190 Laizy
7%
71380 Lans
7%
71960 La Roche-Vineuse
7%
71700 Le Villars
7%
71260 Lugny
7%
71110 Marcigny
7%
71240 Marnay
7%
71700 Martailly-lès-Brancion
7%
71710 Montcenis
7%
71400 Monthelon
7%
71300 Mont-Saint-Vincent
7%
71800 Oyé
7%
71120 Ozolles
7%
71420 Perrecy-les-Forges
7%
71600 Poisson
7%
71290 Ratenelle
7%
71470 Romenay
7%
71700 Royer
7%
71160 Saint-Agnan
7%
71260 Saint-Albain
7%
71390 Saint-Désert
7%
71260 Saint-Gengoux-de-Scissé
7%
71800 Saint-Germain-en-Brionnais
7%
71800 Saint-Julien-de-Civry
7%
71600 Saint-Léger-lès-Paray
7%
71118 Saint-Martin-Belle-Roche
7%
71200 Saint-Sernin-du-Bois
7%
71500 Saint-Usuge
7%
71430 Saint-Vincent-Bragny
7%
71410 Sanvignes-les-Mines
7%
71390 Sassangy
7%
71110 Semur-en-Brionnais
7%
71290 Simandre
7%
71330 Simard
7%
71220 Suin
7%
71400 Tavernay
7%
71440 Thurey
7%
71320 Toulon-sur-Arroux
7%
71130 Uxeau
7%
71800 Vareilles
7%
71000 Varennes-lès-Mâcon
7%
71800 Vauban
7%
71130 Vendenesse-sur-Arroux
7%
71110 Vindecy
7%
71530 Virey-le-Grand
7%
71380 Allériot
3%
71510 Aluze
3%
71550 Anost
3%
71400 Antully
3%
71640 Barizey
3%
71540 Barnay
3%
71120 Baron
3%
71800 Baudemont
3%
71370 Baudrières
3%
71110 Baugy
3%
71580 Beaurepaire-en-Bresse
3%
71270 Bellevesvre
3%
71250 Bergesserin
3%
71960 Berzé-la-Ville
3%
71960 Berzé-le-Châtel
3%
71620 Bey
3%
71390 Bissey-sous-Cruchaud
3%
71460 Bissy-sur-Fley
3%
71250 Blanot
3%
71110 Bourg-le-Comte
3%
71520 Bourgvilain
3%
71150 Bouzeron
3%
71290 Brienne
3%
71190 Brion
3%
71500 Bruailles
3%
71960 Bussières
3%
71570 Chaintré
3%
71510 Chamilly
3%
71460 Champagny-sous-Uxelles
3%
71120 Champlecy
3%
71120 Changy
3%
71460 Chapaize
3%
71270 Charette-Varennes
3%
71350 Charnay-lès-Chalon
3%
71170 Chassigny-sous-Dun
3%
71130 Chassy
3%
71510 Châtel-Moron
3%
71150 Chaudenay
3%
71150 Cheilly-lès-Maranges
3%
71390 Chenôves
3%
71960 Chevagny-les-Chevrières
3%
71460 Chissey-lès-Mâcon
3%
71130 Clessy
3%
71800 Colombier-en-Brionnais
3%
71540 Cordesse
3%
71170 Coublanc
3%
71490 Créot
3%
71760 Cressy-sur-Somme
3%
71800 Curbigny
3%
71130 Curdin
3%
71320 Cuzy
3%
71620 Damerey
3%
71960 Davayé
3%
71510 Dennevy
3%
71330 Diconne
3%
71520 Dompierre-les-Ormes
3%
71210 Écuisses
3%
71240 Étrigny
3%
71340 Fleury-la-Montagne
3%
71390 Fley
3%
71120 Fontenay
3%
71530 Fragnes-La Loyère
3%
71270 Fretterans
3%
71270 Frontenard
3%
71460 Germagny
3%
71240 Gigny-sur-Saône
3%
71390 Granges
3%
71700 Grevilly
3%
71760 Grury
3%
71600 Hautefond
3%
71540 Igornay
3%
71250 Jalogny
3%
71640 Jambles
3%
71290 Jouvençon
3%
71320 La Boulaye
3%
71400 La Celle-en-Morvan
3%
71700 La Chapelle-sous-Brancion
3%
71100 La Charmée
3%
71440 La Frette
3%
71290 La Genête
3%
71870 Laizé
3%
71240 Lalheue
3%
71160 La Motte-Saint-Jean
3%
71400 La Petite-Verrière
3%
71310 La Racineuse
3%
71270 Lays-sur-le-Doubs
3%
71580 Le Fay
3%
71480 Le Miroir
3%
71710 Les Bizots
3%
71330 Le Tartre
3%
71110 Ligny-en-Brionnais
3%
71390 Marcilly-lès-Buxy
3%
71300 Mary
3%
71310 Mervans
3%
71390 Messey-sur-Grosne
3%
71190 Mesvres
3%
71390 Montagny-lès-Buxy
3%
71500 Montagny-près-Louhans
3%
71260 Montbellet
3%
71110 Montceaux-l'Étoile
3%
71620 Montcoy
3%
71470 Montpont-en-Bresse
3%
71440 Montret
3%
71390 Moroges
3%
71170 Mussy-sous-Dun
3%
71270 Navilly
3%
71130 Neuvy-Grandchamp
3%
71290 Ormes
3%
71700 Ozenay
3%
71150 Paris-l'Hôpital
3%
80200 Péronne
3%
71510 Perreuil
3%
71960 Pierreclos
3%
71700 Plottes
3%
71290 Rancy
3%
71150 Remigny
3%
71160 Rigny-sur-Arroux
3%
71570 Romanèche-Thorins
3%
71580 Sagy
3%
71580 Saillenard
3%
71240 Saint-Ambreuil
3%
71510 Saint-Bérain-sur-Dheune
3%
71390 Saint-Boil
3%
71340 Saint-Bonnet-de-Cray
3%
71220 Saint-Bonnet-de-Joux
3%
71370 Saint-Christophe-en-Bresse
3%
71640 Saint-Denis-de-Vaux
3%
71110 Sainte-Foy
3%
71490 Saint-Émiland
3%
71670 Saint-Firmin
3%
71390 Saint-Germain-lès-Buxy
3%
71170 Saint-Igny-de-Roche
3%
71490 Saint-Jean-de-Trézy
3%
71110 Saint-Julien-de-Jonzy
3%
71800 Saint-Laurent-en-Brionnais
3%
71360 Saint-Léger-du-Bois
3%
71990 Saint-Léger-sous-Beuvray
3%
71640 Saint-Mard-de-Vaux
3%
71740 Saint-Martin-de-Lixy
3%
71110 Saint-Martin-du-Lac
3%
71740 Saint-Maurice-lès-Châteauneuf
3%
71460 Saint-Micaud
3%
71670 Saint-Pierre-de-Varennes
3%
71520 Saint-Point
3%
71990 Saint-Prix
3%
71800 Saint-Racho
3%
71570 Saint-Symphorien-d'Ancelles
3%
71710 Saint-Symphorien-de-Marmagne
3%
71440 Saint-Vincent-en-Bresse
3%
71110 Sarry
3%
71460 Savianges
3%
71440 Savigny-sur-Seille
3%
71260 Senozan
3%
71460 Sercy
3%
71350 Sermesse
3%
71100 Sevrey
3%
71960 Sologny
3%
71960 Solutré-Pouilly
3%
71540 Sommant
3%
71250 Taizé
3%
71740 Tancon
3%
71120 Vendenesse-lès-Charolles
3%
71220 Verosvres
3%
71390 Villeneuve-en-Montagne
3%
71500 Vincelles
3%
71460 Ameugny
0%
71170 Anglure-sous-Dun
0%
71270 Authumes
0%
71400 Auxy
0%
71220 Ballore
0%
71500 Bantanges
0%
71240 Beaumont-sur-Grosne
0%
71270 Beauvernois
0%
71460 Bissy-sous-Uxelles
0%
71800 Bois-Sainte-Marie
0%
71460 Bonnay-Saint-Ythaire
0%
71330 Bosjean
0%
71330 Bouhans
0%
71350 Bragny-sur-Saône
0%
71250 Bray
0%
71460 Bresse-sur-Grosne
0%
71110 Briant
0%
71250 Buffières
0%
71260 Burgy
0%
71460 Burnand
0%
71460 Burzy
0%
71110 Céron
0%
71390 Cersot
0%
71140 Chalmoux
0%
71570 Chânes
0%
53810 Change
0%
71320 Charbonnat
0%
71260 Charbonnières
0%
71710 Charmoy
0%
71570 Chasselas
0%
71150 Chassey-le-Camp
0%
71800 Châtenay
0%
71340 Chenay-le-Châtel
0%
71250 Chérizet
0%
71220 Chevagny-sur-Guye
0%
71220 Chiddes
0%
71540 Chissey-en-Morvan
0%
71420 Ciry-le-Noble
0%
71270 Clux-Villeneuve
0%
71460 Collonge-en-Charollais
0%
71360 Collonge-la-Madeleine
0%
71480 Condal
0%
71460 Cormatin
0%
71250 Cortambert
0%
71460 Cortevaix
0%
71140 Cronat
0%
71460 Culles-les-Roches
0%
71520 Curtil-sous-Buffières
0%
71460 Curtil-sous-Burnand
0%
71550 Cussy-en-Morvan
0%
71310 Dampierre-en-Bresse
0%
71190 Dettey
0%
71330 Devrouze
0%
71150 Dezize-lès-Maranges
0%
71480 Dommartin-lès-Cuiseaux
0%
71420 Dompierre-sous-Sanvignes
0%
71250 Donzy-le-Pertuis
0%
71400 Dracy-Saint-Loup
0%
71350 Écuelles
0%
71360 Épertully
0%
71580 Flacey-en-Bresse
0%
71250 Flagy
0%
71330 Frangy-en-Bresse
0%
71580 Frontenaud
0%
71420 Génelard
0%
71460 Genouilly
0%
71520 Germolles-sur-Grosne
0%
71800 Gibles
0%
71160 Gilly-sur-Loire
0%
71300 Gourdon
0%
71430 Grandvaux
0%
71620 Guerfand
0%
71290 Huilly-sur-Seille
0%
71760 Issy-l'Évêque
0%
71460 Joncy
0%
71480 Joudes
0%
71390 Jully-lès-Buxy
0%
71240 La Chapelle-de-Bragny
0%
71520 La Chapelle-du-Mont-de-France
0%
71500 La Chapelle-Naude
0%
71190 La Chapelle-sous-Uchon
0%
71470 La Chapelle-Thècle
0%
71310 La Chaux
0%
71990 La Comelle
0%
71220 La Guiche
0%
71190 La Tagnière
0%
71250 La Vineuse sur Fregande
0%
71330 Le Planois
0%
71460 Le Puley
0%
71220 Le Rousset-Marizy
0%
71350 Les Bordes
0%
71160 Les Guerreaux
0%
71140 Lesme
0%
71570 Leynes
0%
71600 L'Hôpital-le-Mercier
0%
71290 Loisy
0%
71270 Longepierre
0%
71250 Lournand
0%
71540 Lucenay-l'Évêque
0%
71120 Lugny-lès-Charolles
0%
71340 Mailly
0%
71460 Malay
0%
71140 Maltat
0%
71120 Marcilly-la-Gueurce
0%
71300 Marigny
0%
71760 Marly-sous-Issy
0%
71420 Marly-sur-Arroux
0%
71220 Martigny-le-Comte
0%
71250 Massilly
0%
71250 Mazille
0%
71470 Ménetreuil
0%
71960 Milly-Lamartine
0%
71240 Montceaux-Ragny
0%
71500 Montcony
0%
71310 Montjay
0%
71270 Mont-lès-Seurre
0%
71520 Montmelard
0%
71320 Montmort
0%
71100 Morey
0%
71360 Morlet
0%
71220 Mornay
0%
71270 Mouthier-en-Bresse
0%
71240 Nanton
0%
71520 Navour-sur-Grosne
0%
71600 Nochize
0%
71420 Oudry
0%
71800 Ouroux-sous-le-Bois-Sainte-Marie
0%
71350 Palleau
0%
71220 Passy
0%
71160 Perrigny-sur-Loire
0%
71270 Pontoux
0%
71230 Pouilloux
0%
71270 Pourlans
0%
71220 Pressy-sous-Dondin
0%
71800 Prizy
0%
71570 Pruzilly
0%
71540 Reclesne
0%
71390 Rosey
0%
71550 Roussillon-en-Morvan
0%
71250 Sailly
0%
71570 Saint-Amour-Bellevue
0%
71440 Saint-André-en-Bresse
0%
71220 Saint-André-le-Désert
0%
71430 Saint-Aubin-en-Charollais
0%
71140 Saint-Aubin-sur-Loire
0%
71300 Saint-Berain-sous-Sanvignes
0%
71430 Saint-Bonnet-de-Vieille-Vigne
0%
71310 Saint-Bonnet-en-Bresse
0%
71460 Saint-Clément-sur-Guye
0%
71240 Saint-Cyr
0%
71620 Saint-Didier-en-Bresse
0%
71110 Saint-Didier-en-Brionnais
0%
71190 Saint-Didier-sur-Arroux
0%
71250 Sainte-Cécile
0%
71470 Sainte-Croix-en-Bresse
0%
71740 Saint-Edmond
0%
71320 Sainte-Radegonde
0%
71320 Saint-Eugène
0%
71210 Saint-Eusèbe
0%
71400 Saint-Forgeot
0%
71350 Saint-Gervais-en-Vallière
0%
71490 Saint-Gervais-sur-Couches
0%
71510 Saint-Gilles
0%
71460 Saint-Huruge
0%
71640 Saint-Jean-de-Vaux
0%
71210 Saint-Julien-sur-Dheune
0%
71210 Saint-Laurent-d'Andenay
0%
71520 Saint-Léger-sous-la-Bussière
0%
71350 Saint-Loup-Géanges
0%
71460 Saint-Marcelin-de-Cray
0%
71390 Saint-Martin-d'Auxy
0%
71490 Saint-Martin-de-Commune
0%
71220 Saint-Martin-de-Salencey
0%
71580 Saint-Martin-du-Mont
0%
71460 Saint-Martin-du-Tartre
0%
71350 Saint-Martin-en-Gâtinois
0%
71460 Saint-Martin-la-Patrouille
0%
71640 Saint-Martin-sous-Montaigu
0%
71260 Saint-Maurice-de-Satonnay
0%
71460 Saint-Maurice-des-Champs
0%
71620 Saint-Maurice-en-Rivière
0%
71490 Saint-Maurice-lès-Couches
0%
71190 Saint-Nizier-sur-Arroux
0%
71520 Saint-Pierre-le-Vieux
0%
71390 Saint-Privé
0%
71230 Saint-Romain-sous-Gourdon
0%
71420 Saint-Romain-sous-Versigny
0%
71510 Saint-Sernin-du-Plain
0%
71800 Saint-Symphorien-des-Bois
0%
71390 Saint-Vallerin
0%
71570 Saint-Vérand
0%
71250 Saint-Vincent-des-Prés
0%
71360 Saisy
0%
71250 Salornay-sur-Guye
0%
71150 Sampigny-lès-Maranges
0%
71460 Santilly
0%
71390 Saules
0%
71350 Saunières
0%
71580 Savigny-en-Revermont
0%
71460 Savigny-sur-Grosne
0%
71330 Sens-sur-Seille
0%
71310 Serley
0%
71960 Serrières
0%
71310 Serrigny-en-Bresse
0%
71250 Sigy-le-Châtel
0%
71220 Sivignon
0%
71190 Thil-sur-Arroux
0%
71490 Tintry
0%
71270 Torpes
0%
71350 Toutenant
0%
71520 Tramayes
0%
71520 Trambly
0%
71520 Trivy
0%
71440 Tronchy
0%
71190 Uchon
0%
71110 Varenne-l'Arconce
0%
71600 Varenne-Saint-Germain
0%
71480 Varennes-Saint-Sauveur
0%
71120 Vaudebarrier
0%
71460 Vaux-en-Pré
0%
71440 Vérissey
0%
71590 Verjux
0%
71110 Versaugues
0%
Vieux-Fort
0%
Vieux-Habitants
0%
71620 Villegaudin
0%
71600 Vitry-en-Charollais
0%
71140 Vitry-sur-Loire
0%
71600 Volesvres
0%
Aucun quiz correspondant
Distribution des résultats
% des personnes avec chaque résultat
Percentile par nombre de réponses
Votre historique - résultats
Vous n’avez pas pris ce quiz